000 00313nam a22001457a 4500
008 221115b ||||| |||| 00| 0 eng d
020 _a6113562
041 _aeng
080 _a51
082 _a51
100 _a20
101 _aMATE
245 _aINTRODUCTION TO HILBERT SPACE
_cBERBERIAN S
942 _2udc
_cBK
999 _c58897
_d58897